00513nam a2200193 a 4500001001300000003000900013005001700022008004100039020001000080082001300090100002700103245004100130260003800171300000800209500003500217505001700252650002300269700002700292nice12345678IN_TiNIC20260116015208.0050524s0000 puna grp 000 0 eng  ac10000a297bISH aIshwani, Communication aIslamb Audeo-Visual Tape and Slides aPunebIshwani Communicationc0000 a00p aincludes index and biblioraphy2 aAudeo-Visual aIslam-Meccan Trade1 aIshwani, Communication